00463nam a22001577a 4500008004100000020002100041040005500062080001700117100002200134245004500156246002100201260004500222300001100267650001100278653001600289230630b |||||||| |||| 00| 0 eng d a978-818031-257-1 aNational Science LibrarycNational Science Library a82-31NAGbQ6 aNagar, Amrit Lal  aये कोठेवालियां aYe Kothevaliyan  aAllahabad: bLokbharti Prakashan, c2016 a198p.  aStory  aLiterature